Online
Catalog

El príncipe y la comunista : (Record no. 16859)

MARC details
000 -CABECERA
campo de control de longitud fija 00946nam a2200217 a 4500
001 - NÚMERO DE CONTROL
campo de control 000017334
003 - IDENTIFICADOR DEL NÚMERO DE CONTROL
campo de control OSt
005 - FECHA Y HORA DE LA ÚLTIMA TRANSACCIÓN
campo de control 20250404193304.0
008 - DATOS DE LONGITUD FIJA--INFORMACIÓN GENERAL
campo de control de longitud fija 100322s1937 dr 000 f spa d
040 ## - FUENTE DE LA CATALOGACIÓN
Centro catalogador/agencia de origen DO-SdBNP
Lengua de catalogación spa
Centro/agencia transcriptor BNPHU
082 #4 - NÚMERO DE LA CLASIFICACIÓN DECIMAL DEWEY
Número de clasificación 863.4
Número de documento/Ítem S238p
Número de edición 22
100 1# - ENTRADA PRINCIPAL--NOMBRE DE PERSONA
Nombre de persona Sanz Lajara, J. M.
Fechas asociadas al nombre 1917-1963
Forma completa/desarrollada del nombre (José Mariano),
9 (RLIN) 6623
245 13 - MENCIÓN DE TÍTULO
Título El príncipe y la comunista :
Resto del título la novelas de los amores y los horrores /
Mención de responsabilidad, etc. J. M. Sanz Lajara.
260 ## - PUBLICACIÓN, DISTRIBUCIÓN, ETC.
Lugar de publicación, distribución, etc. Ciudad Trujillo, República Dominicana :
Nombre del editor, distribuidor, etc. Cosmopolita,
Fecha de publicación, distribución, etc. 1937.
300 ## - DESCRIPCIÓN FÍSICA
Extensión 202 p. ;
Dimensiones 24 cm.
505 0# - NOTA DE CONTENIDO CON FORMATO
Nota de contenido con formato Dedicatoria -- Al levantar el telón -- Primera parte: sinfonía de odios y amores -- Segunda parte: sinfonía de olvidos -- Tercera parte : intermedio antitético -- Cuarta Parte: sinfonía de horrores -- Quinta parte: sinfonía final.
650 #0 - PUNTO DE ACCESO ADICIONAL DE MATERIA--TÉRMINO DE MATERIA
Término de materia o nombre geográfico como elemento de entrada Novela dominicana
9 (RLIN) 223
650 #0 - PUNTO DE ACCESO ADICIONAL DE MATERIA--TÉRMINO DE MATERIA
Término de materia o nombre geográfico como elemento de entrada Literatura dominicana.
9 (RLIN) 67
910 ## - DATOS DE OPCIÓN DEL USUARIO (OCLC)
Datos de opción del usuario Validado. Control de calidad MFF
942 ## - ELEMENTOS DE PUNTO DE ACCESO ADICIONAL (KOHA)
Fuente del sistema de clasificación o colocación Dewey Decimal Classification
Tipo de ítem Koha Libro
Holdings
Estado de retiro Estado de pérdida Fuente del sistema de clasificación o colocación No para préstamo Código de colección Localización permanente Ubicación/localización actual Ubicación en estantería Fecha de adquisición Número de inventario Total de préstamos Signatura topográfica completa Código de barras Fecha visto por última vez Precio válido a partir de Tipo de ítem Koha Nota pública Número de copia
    Dewey Decimal Classification Excluido de préstamo Raros y valiosos Patrimonio Dominicano Patrimonio Dominicano Depósito 22.03.2010 LF1   BNPHU PD-RV 863.4 S238p 17334-10 25.06.2020 25.06.2020 Excluido de préstamo Perteneció a la biblioteca personal de Martínez Boog.  
    Dewey Decimal Classification Excluido de préstamo Raros y valiosos Patrimonio Dominicano Patrimonio Dominicano Depósito 05.07.2011 LF1   BNPHU PD-RV 863.4 S238p 17334-20 25.06.2020 25.06.2020 Excluido de préstamo Perteneció a la biblioteca personal de Julio Ortega Frier. e. 2

Powered by Koha